| 000 | 01094nam a22003497a 4500 | ||
|---|---|---|---|
| 001 | 0014750 | ||
| 003 | KOHA_MİRAKIL | ||
| 005 | 20260207002006.0 | ||
| 007 | ta | ||
| 008 | 100308b1982 tu |||gr||||#||||0|tur | | ||
| 020 | _c0,01 | ||
| 040 |
_aTR-BiSEU _btur _cTR-BiSEU _erda |
||
| 041 | 0 | _atur | |
| 044 | _ctu | ||
| 050 |
_aHF5655.T9 _bO94 1982 |
||
| 100 | 1 | _aÖzgür, Feridun. | |
| 245 | 1 |
_aMuhasebe ilkeleri/ _cFeridun Özgür ; Feridun Özgür. |
|
| 264 | 1 |
_aİstanbul : _bİstanbul Üniversitesi _c1982 |
|
| 300 | _axv, 461 sayfa: tablo; 24 cm. | ||
| 336 |
_ametin _btxt _2rdacontent |
||
| 337 |
_aaracısız _bn _2rdamedia |
||
| 338 |
_acilt _bnc _2rdacarrier |
||
| 490 | 1 |
_aRektörlük Yyaın No ; _v2762. |
|
| 490 | 1 |
_aFakülte Yayın No ; _v112. |
|
| 490 | 1 |
_aİşletme İktisadı Enstitüsü Yayın No ; _v51. |
|
| 500 | _aKaynakça var. | ||
| 650 | 0 |
_aAccounting. _92913 |
|
| 830 | 1 |
_aRektörlük Yyaın No ; _v2762. _934386 |
|
| 830 | 1 |
_aFakülte Yayın No ; _v112. _925047 |
|
| 830 | 1 |
_aİşletme İktisadı Enstitüsü Yayın No ; _v51. _934387 |
|
| 942 |
_2lcc _cBK |
||
| 999 |
_c14713 _d14713 |
||